| 000 | 00659nam a22002297a 4500 | ||
|---|---|---|---|
| 005 | 20170124105919.0 | ||
| 010 | _aA-679781 | ||
| 020 |
_a8121204461 _c00.00 |
||
| 035 | _aA-679781 | ||
| 037 | _bCen Lib/Ret | ||
| 040 |
_aDPL _bEN |
||
| 082 |
_a301.153 _bCHA |
||
| 100 |
_aChakrabarti, Mohit _93927 |
||
| 245 |
_aGandhian religion / _cby Mohit Chakrabarti |
||
| 260 |
_aNew Delhi _bGyan Publishing House _c1994 |
||
| 270 |
_a5, Ansari Road _bNew Delhi _e110002 |
||
| 300 |
_aix,188p. _c21cm(Hb) |
||
| 500 | _aIncludes index | ||
| 650 |
_aReligion _972041 |
||
| 650 |
_aNationalism and religion _93929 |
||
| 942 |
_2ddc _cEN _h301.153 _mCHA |
||
| 999 |
_c123060 _d123060 |
||